| 000 | 00802cam a2200229 a 4500 | ||
|---|---|---|---|
| 005 | 20170609104013.0 | ||
| 008 | 110802s2010 pe ao r 001 p spa d | ||
| 015 | _aNNN | ||
| 020 | _a9788420404967 | ||
| 040 |
_aCO-BoUCM _bspa _cSaul Niño _dSaul Niño |
||
| 041 | 0 | _aspa | |
| 100 | 1 |
_aNeruda, Pablo _d1904-1973 _957116 |
|
| 245 | 1 | 0 |
_aAntología general _cPablo Neruda |
| 260 |
_aLima, Perú _bReal Academia Española _bAsociación de Academias de la Lengua Española _bAlfaguara _c2010 |
||
| 300 |
_acx, 714 páginas _bilustraciones, fotografías |
||
| 500 | _aEdición Conmemorativa | ||
| 650 | 7 |
_aPoesía chilena _921789 |
|
| 650 | 7 |
_aLiteratura chilena _918625 |
|
| 650 | 0 |
_aPoesia amorosa chilena _980996 |
|
| 942 |
_2DEWEY _a18 _cLIBRO _e1 _h861 _mN37an |
||
| 999 |
_c306788 _d306788 |
||